| 000 | 00883nas a2200265 4500 | ||
|---|---|---|---|
| 001 | BR6008660 | ||
| 003 | BR-BrBNA | ||
| 005 | 20231205082115.0 | ||
| 007 | ta | ||
| 008 | 230509b bl.|||p| |||| 00| 00por d | ||
| 040 |
_aBR-BrBNA _bpor _cBiblioteca Nacional de Agricultura |
||
| 041 | _a(Pt) | ||
| 072 | _aQ10; S10 | ||
| 100 | 1 | _aGutierrez, L.E. | |
| 111 | 1 |
_a28. Reuniao Anual da Sociedade Brasileira para o Progresso da Ciencia _cBrasilia, DF (Brazil) _d7 Jul 1976 |
|
| 245 | 1 | _aInfluencia do metodo de extracao sobre o teor e composicao do oleo de abacate | |
| 650 | _aTECNOLOGIA DE ALIMENTO | ||
| 650 | _aCOMPOSICAO DE ALIMENTO | ||
| 650 | _aABACATE | ||
| 650 | _aOLEO | ||
| 650 | _aACIDO GRAXO | ||
| 773 | 0 |
_tCiencia e Cultura (Brazil) _xISSN 0009-6725 _g(Jul 176), v. 28(suppl. 7) p. 799 _wBR6008660 |
|
| 909 |
_a202311 _bLúcia _c55 _dLúcia Elande |
||
| 942 |
_2AGRIS _n0 _cANA |
||
| 999 |
_c89196 _d89196 |
||